1245 1971 1446 1054 1459 1279 1180 1801 1475 1950 1344 1373 1222 1015 1917 1905 1242 1851 1070 1323 1942 1065 1408 1396 1716 1813 1576 1472 1094 1053 1918 1172 1833 1849 1928 1433 1775 1991 1364 1066 1733 1140 1064 1106 1101 1170 1118 1179 1365 1855 1200 1161 1786 1157 1539 1230 1102 1580 1984 1327 1848 1103 1841 1917 1310 1498 1057 1486 1811 1994 1868 1621 1593 1137 1889 1661 1963 1702 1046 1008 1389 1868 1166 1290 1997 1327 1506 1834 1150 1677 1437 1775 1101 1202 1094 1505 1718 1931 1726 BCNSPRNW ULIB Ver.6.0+V

เปลี่ยนเป็นภาษาไทย

Change to English
 แสดงรายละเอียดบรรณานุกรม
  กลับหน้าหลัก

Brief Record : Get Marc (ISO 2709) : E-mail record : QR code < ปิดหน้าต่าง
LEADER : 00000nam 2200000uu 4500
001    13399123202
003     ULIB
008    020711s2551 th a 000 0 tha d
020    9789749694138
090    นว.^bว298ค
100    วรางคณา
245    คลื่นรักอันดามัน /^cวรางคณา
250    พิมพ์ครั้งที่ 1
260    กรุงเทพฯ :^bดอกหญ้า,^c2551
300    190 หน้า;^b21 ซม.
710    ดอกหญ้า
945    ^p135^l0^i20338
999    ^aทศพร เกษรทอง
รายการนี้ยังไม่มีแท็ก
คุณยังไม่ได้ล็อกอิน คุณสามารถมีกิจกรรมร่วมกับเว็บไซต์ได้ แต่ต้องล็อกอินก่อน ::
  ล็อกอิน

รายการสื่อสารสนเทศ

ลำดับที่ ประเภท เลขเรียก/บาร์โค้ด สถานที่ สถานะ
1. นวนิยาย
นวนิยาย
นว. ว298ค ฉ.1 
  Barcode: 20338
ห้องสมุดวิทยาเขตนครสวรรค์
►นวนิยาย:l:Fiction
บนชั้น

รายการใกล้เคียง
    ผู้แต่ง [วรางคณา]

BibComment


ยังไม่เคยถูกคอมเมนท์

คอมเมนท์ทรัพยากรรายการนี้
  คอมเมนท์: คลื่นรักอันดามัน ..


 Copyright 2026. Bcnsprnw @Library